América del Norte : una integración excluyente /

में बचाया:
ग्रंथसूची विवरण
मुख्य लेखक: Montero Contreras, Delia (coordinación)
अन्य लेखक: Correa, María Antonia (coordinación) (coordinación)
स्वरूप: पुस्तक
भाषा:स्पेनिश
प्रकाशित: México : Universidad Autónoma Metropolitana Iztapalapa : Plaza y Valdés, 2007, c2007
विषय:
टैग: टैग जोड़ें
कोई टैग नहीं, इस रिकॉर्ड को टैग करने वाले पहले व्यक्ति बनें!

MARC

LEADER 00000nam^a2200000^a^4500
001 000264544
005 20250521000000.0
009 20260310110650.38
020 |a 970-722-575-0 
037 |a Acervo ITESO - Biblioteca 
041 |a ESP 
082 |a 382. 972073  |b MON 
100 |a Montero Contreras, Delia  |e (coordinación) 
245 1 0 |a América del Norte :  |b una integración excluyente /  |c Coord. de D. Montero Contreras, M.A. Correa. 
264 4 |a México :  |b Universidad Autónoma Metropolitana Iztapalapa :  |b Plaza y Valdés,  |c 2007, c2007 
300 |a 200 p. 
336 |a texto  |b txt  |2 rdacontenido 
337 |a sin mediación  |b n  |2 rdamedio 
338 |a volumen  |b nc  |2 rdasoporte 
649 |a XX 
650 |a Apertura Comercial e Integración Económica -  |z América del Norte -  |x Tema Principal 
650 |a Tratado de Libre Comercio -  |z México-EUA-Canadá 
650 |a Producción Económica -  |z México 
650 |a Empresas -  |z Monterrey, Nuevo León 
650 |a Empresas -  |z México 
650 |a Maquiladoras -  |z México 
650 |a Crisis Económica -  |z EUA 
650 |a Comercio Internacional -  |z América del Norte 
650 |a Globalización 
650 |a Economía -  |z México -  |x Historia -  |y Siglo XX 
650 |a Economía -  |z México -  |x Historia -  |y Siglo XXI 
650 |a Economía -  |z EUA -  |x Historia -  |y Siglo XX 
650 |a Economía -  |z EUA -  |x Historia -  |y Siglo XXI 
650 |a Economía -  |z Canadá -  |x Historia -  |y Siglo XX 
650 |a Economía -  |z Canadá -  |x Historia -  |y Siglo XXI 
650 |a América del Norte -  |x Condiciones Laborales 
650 |a América del Norte -  |x Condiciones Económicas 
700 |a Correa, María Antonia  |e (coordinación) 
910 |a Fondo General 
920 |a Impresos - Libros 
930 |a Colección General 
905 |a 101 
901 |a 0500146881  |b IT1  |c ACC  |u 20250521 
902 |a https://opac.biblio.iteso.mx/vufind/Record/000264544